000 00754nam a2200205Ia 4500
003 GCL
008 140319s9999 xx 000 0 ara d
020 _a9166229960
040 _aGCL /
_cGCL
082 0 4 _a928.0531
_bم م
100 1 _aمحمد الصادق عفيفى
245 1 0 _aمحمد بن احمد العقيلى :
_bالعالم الموسوعى و الاديب و الباحث الموضوعى /
_cمحمد الصادق عفيفى
250 _aالاولى
260 _aالرياض :
_bمكتبة الملك فهد الوطنية ،
_c1417
300 _a214 ص ؛
_c24 سم
650 0 4 _aالرجال - تراجم
650 0 4 _aالادباء السعوديون
650 0 4 _aمحمد بن احمد العقيلى
942 _2ddc
_cBK
999 _c6981
_d6981